000 00230nam a22001097a 4500
999 _c263454
_d263453
020 _a043958549-X
100 _a Judy Blume.
245 _aDouble Fudge
250 _a1st ed.
260 _aNew York
_bScholastic
_c2002
942 _cBK